000 01180nam a2200337Ia 4500
003 GCL
008 140319s9999 xx 000 0 ara d
040 _aGCL /
_cGCL
082 0 4 _aق
_b962.39
_bن ت
100 1 _aنعوم شقير
245 1 0 _aتاريخ سينا القديم والحديث وجغرافيتها :
_bمع خلاصة تاريخ مصر والشام والعراق وجزيرة العرب وما كان بينهما من العلائق التجارية والحربية وغيرها /
_cنعوم شقير
260 _aبيروت :
_bدار الجيل ،
_c1991
300 _a776 ص ؛
_c24 سم
490 _a
650 0 4 _aالعصر الحديث
650 0 4 _aمصر
650 0 4 _aتاريخ
650 0 4 _aالتجارة
650 0 4 _aالزراعة
650 0 4 _aالجغرافيا الطبيعية
650 0 4 _aمصر القديمة
650 0 4 _aسيناء - الجغرافيا
650 0 4 _aالبدو
650 0 4 _aالصناعة
650 0 4 _aالصناعات اليدوية
650 0 4 _aاللهجات
650 0 4 _aطرق التجارة
650 0 4 _aطابا
650 0 4 _aسيناء -التاريخ
942 _2ddc
_cBK
999 _c52395
_d52395